| 000 | 00747nam a22002057a 4500 | ||
|---|---|---|---|
| 999 |
_c19789 _d19789 |
||
| 003 | AR-CdUCM | ||
| 008 | 190522b ||||| |||| 00| 0 spa d | ||
| 040 |
_aMUNICIPALIDAD PROVINCIAL DEL CUSCO _cBIBLIOTECA MUNICIPAL DEL CUSCO |
||
| 082 |
_a345.731 / _bG88 |
||
| 100 |
_aGuerra, Felipes _941386 |
||
| 245 | _aManual para jueces de paz / | ||
| 260 |
_aLima : _bLibrería Peruanas, _c1938. |
||
| 300 |
_a159 páginas ; _c23 cm. |
||
| 505 | _aContenido :Nociones rudimentarias de derecho procesal civil -- Reglamento de jueces de Paz -- Tramitación de juicios verbales... | ||
| 650 |
_aDerecho procesal civil _927080 |
||
| 650 |
_aReglamento de jueces _941387 |
||
| 650 |
_aTramitación de juicios _941388 |
||
| 942 |
_2ddc _cLIBROS |
||
| 945 | _arcc | ||